Futuro comercial de los países en desarrollo /
Uloženo v:
| Hlavní autor: | |
|---|---|
| Další autoři: | |
| Médium: | Text |
| Vydáno: |
México, D.F:
Fondo de Cultura Económica
|
| Tagy: |
Přidat tag
Žádné tagy, Buďte první, kdo vytvoří štítek k tomuto záznamu!
|
MARC
| LEADER | 00000 a a2200000 04500 | ||
|---|---|---|---|
| 001 | 22723 | ||
| 003 | |||
| 040 | |||
| 090 | |a 156100 | ||
| 100 | |a Balassa, Bela | ||
| 245 | |a Futuro comercial de los países en desarrollo / |c Bela Balassa | ||
| 260 | |a México, D.F: |b Fondo de Cultura Económica | ||
| 300 | |a 586 p |b **no definido** | ||
| 700 | |a Reyes, Roberto |a trad | ||
| 999 | |c 14167 |d 14167 | ||
